Pet show!. (Record no. 14102)
[ view plain ]
| 000 -LEADER | |
|---|---|
| fixed length control field | 00461nam a22001812 4500 |
| 001 - CONTROL NUMBER | |
| control field | 0000005534 |
| 005 - DATE AND TIME OF LATEST TRANSACTION | |
| control field | 20151217160106.0 |
| 008 - FIXED-LENGTH DATA ELEMENTS--GENERAL INFORMATION | |
| fixed length control field | 070615s xx 000 0 eng d |
| 040 ## - CATALOGING SOURCE | |
| Original cataloging agency | KABU |
| Transcribing agency | KABU |
| 050 #0 - LIBRARY OF CONGRESS CALL NUMBER | |
| Classification number | PZ7 |
| Item number | .K43P4 |
| 100 1# - MAIN ENTRY--PERSONAL NAME | |
| Personal name | Keats, Ezra Jack. |
| -- | 0000156805 |
| 245 10 - TITLE STATEMENT | |
| Title | Pet show!. |
| 260 ## - PUBLICATION, DISTRIBUTION, ETC. (IMPRINT) | |
| Place of publication, distribution, etc. | New York : |
| Name of publisher, distributor, etc. | Macmillan, |
| Date of publication, distribution, etc. | [1974] |
| 300 ## - PHYSICAL DESCRIPTION | |
| Extent | 37 p. |
| 908 ## - PUT COMMAND PARAMETER (RLIN) | |
| Put command parameter | 070615 |
| 950 ## - LOCAL HOLDINGS (RLIN) | |
| -- | 1 |
| Withdrawn status | Lost status | Source of classification or shelving scheme | Not for loan | Home library | Current library | Date acquired | Total Checkouts | Full call number | Barcode | Date last seen | Date last checked out | Price effective from | Koha item type |
|---|---|---|---|---|---|---|---|---|---|---|---|---|---|
| Library of Congress Classification | Kabarak, Main Campus | Kabarak, Main Campus | 17/12/2015 | 4 | PZ7 .K43P4 | 002216 | 13/09/2025 | 09/09/2025 | 17/12/2015 | Children Collection |